| 000 | 01220nam a22003617a 4500 | ||
|---|---|---|---|
| 001 | 16987878 | ||
| 003 | OSt | ||
| 005 | 20210426115753.0 | ||
| 008 | 111004s2012 nyub b 000 0beng | ||
| 010 | _a 2011041207 | ||
| 020 | _a9780374299279 | ||
| 040 |
_aDLC _cDLC _dDLC |
||
| 042 | _apcc | ||
| 043 | _an-us-la | ||
| 050 | 0 | 0 |
_aHD9259.B2 _bZ463 2012 |
| 066 | _c(2 | ||
| 080 |
_a821.111 _bC-68 |
||
| 082 | 0 | 0 |
_a338.7/634772092 _aB _223 |
| 100 | 1 | _aCohen, Rich. | |
| 245 | 1 | 4 |
_aThe fish that ate the whale : _bthe life and times of America's banana king / _cRich Cohen. |
| 250 | _a1st ed. | ||
| 260 |
_aNew York : _bFarrar, Straus and Giroux, _c2012. |
||
| 300 |
_axiii, 270 p. : _bmap ; _c24 cm. |
||
| 504 | _aIncludes bibliographical references (p. [259]-270). | ||
| 600 | 1 | 0 |
_aZemurray, Samuel, _d1877-1961. |
| 610 | 2 | 0 |
_aUnited Fruit Company _vBiography. |
| 650 | 0 |
_aJewish businesspeople _zLouisiana _zNew Orleans _vBiography. |
|
| 650 | 0 |
_aBanana trade _zLouisiana _zNew Orleans _xHistory. |
|
| 653 | _aინგლისური ლიტერატურა | ||
| 906 |
_a7 _bcbc _corignew _d1 _eecip _f20 _gy-gencatlg |
||
| 942 |
_2udc _cBK |
||
| 999 |
_c1177 _d1177 |
||